Analýza štruktúry bankových a poisťovacích produktov pre malé a stredné podniky

Pôsobenie Exportnoimportnej banky v Slovenskej republike. Marketingová činnosť Eximbanky a nástroje poskytovania odberateľských úverov (buyers´credit) pre malé a stredné podniky. Bankové a poisťovacie produkty Eximbanky. Štátna podpora vývozu a záväzky Eximbanky SR.

Saved in:
Bibliographic Details
Main Author: Neumannová, Anna
Format: Book Chapter
Language:Slovak
Subjects:
Tags: Add Tag
No Tags, Be the first to tag this record!

MARC

LEADER 00000naa$a2200000$$$4500
001 0130421
005 20240502072508.6
041 0 |a slo 
044 |a SK 
245 1 0 |a Analýza štruktúry bankových a poisťovacích produktov pre malé a stredné podniky  |c Anna Neumannová 
520 |a Pôsobenie Exportnoimportnej banky v Slovenskej republike. Marketingová činnosť Eximbanky a nástroje poskytovania odberateľských úverov (buyers´credit) pre malé a stredné podniky. Bankové a poisťovacie produkty Eximbanky. Štátna podpora vývozu a záväzky Eximbanky SR. 
610 2 0 |a banky 
610 2 0 |a bankovníctvo 
610 2 0 |a nástroje bankové 
610 2 0 |a úver bankový 
610 2 0 |a portfólio 
610 2 0 |a služby finančné 
610 2 0 |a služby bankové 
610 2 0 |a riziko bankové 
610 2 0 |a prostriedky peňažné 
610 2 0 |a podnik malý 
610 2 0 |a podnik stredný 
100 1 |a Neumannová, Anna